| Поле | Инд. | ПП | Название | Значение |
|---|---|---|---|---|
| Тип записи | a | |||
| Библиографический уровень | m | |||
| 001 | Контрольный номер | RU/IS/BASE/317464410 | ||
| 005 | Дата корректировки | 20141114155212.7 | ||
| 020 | a | ISBN | 978-5-8323-0648-3 | |
| 040 | a | Служба первич. каталог. | НБ ТвГУ | |
| b | Код языка каталог. | rus | ||
| e | Правила каталог. | PSBO | ||
| 041 | 0_ | a | Код языка текста | rus |
| 080 | a | Индекс УДК | 37.01(082) | |
| 080 | a | Индекс УДК | 316.74:37(082) | |
| 084 | a | Индекс другой классификации/Индекс ББК | Ч30я431 | |
| 084 | a | Индекс другой классификации/Индекс ББК | С561.9я431 | |
| 090 | a | Полочн. индекс | Ч30я431 | |
| x | Авторский знак | Ч-39 | ||
| 245 | 10 | a | Заглавие | Человек в современном образовательном пространстве |
| b | Продолж. заглавия | Всероссийская научно-практическая конференция, Москва, 30 сентября 2009 г. : [сборник статей | ||
| c | Ответственность | науч. ред. Е. В. Чмыхова] | ||
| 260 | a | Место издания | Москва | |
| b | Издательство | Современная гуманитарная академия | ||
| c | Дата издания | 2009 | ||
| 300 | a | Объем | 299 с. | |
| b | Иллюстрации/ тип воспроизводства | ил., табл. | ||
| 504 | a | Библиография | Библиогр. в конце ст. | |
| 653 | a | Ключевые слова | Информационные технологии | |
| a | Ключевые слова | Образование | ||
| a | Ключевые слова | Образовательная среда | ||
| a | Ключевые слова | Образовательное пространство | ||
| a | Ключевые слова | Образовательные ресурсы | ||
| a | Ключевые слова | Социология образования | ||
| a | Ключевые слова | Сборники | ||
| 700 | a | Другие авторы | Чмыхова Екатерина Витальевна | |
| e | Роль лиц | науч. ред. | ||
| 920 | a | Оператор | Густ | |
| 930 | a | Новая/Ретро | сборники | |
| 952 | c | Вид литературы | К рн | |
| 954 | a | Дата поступления на обработку | 20100325 |